| 000 | 00386nam a2200157Ia 4500 | ||
|---|---|---|---|
| 008 | 230524s9999 xx 000 0 und d | ||
| 082 |
_a658.15 _bPAT |
||
| 100 | _aD.Patranabis | ||
| 245 | 0 | _aPrinciples of Industrial Instrumentation | |
| 250 | _a2ND | ||
| 260 |
_aNEW DELHI _bTMH _c2005 |
||
| 300 | _aXI;752 | ||
| 500 | _aQuantity Number: 292 | ||
| 650 | _aElectrical | ||
| 942 | _cBK | ||
| 999 |
_c30856 _d30856 |
||